| 000 | 00743nam a2200229Ia 4500 | ||
|---|---|---|---|
| 001 | 741 | ||
| 003 | GE_BSU | ||
| 008 | 181216s||||||||xx |||||||||||||| ||und|| | ||
| 020 | _a9789941127762 | ||
| 040 | _cGE_BSU | ||
| 080 | _a572.1/4 | ||
| 100 | _aჯოხაძე,გია | ||
| 245 | _aადამიანისსახა ისტორია | ||
| 245 | _bშესავალი. ისტლრიული ანთროპოლოგია. | ||
| 260 | _aთბილისი | ||
| 260 | _b,,უნივერსალი// | ||
| 260 | _c2009 | ||
| 300 | _a196 გვ. | ||
| 541 | _h6 ლ. | ||
| 653 | _aადამიანის წარმოშობა-ანთროპოგენეზი | ||
| 942 | _cBK | ||
| 999 |
_c34914 _d34914 |
||